[Event "Gibraltar Masters 12th"]
[Site "Caleta"]
[Date "2014.02.01"]
[Round "5"]
[White "Zachariassen, John"]
[Black "Becham, Khalid"]
[Result "1/2-1/2"]
[WhiteElo "1894"]
[BlackElo "2122"]
[PlyCount "93"]
[EventDate "2014.01.28"]
[EventType "swiss"]
[EventRounds "10"]
[EventCountry "GGB"]
[SourceTitle "CBM 159"]
[Source "ChessBase"]
[SourceDate "2014.03.17"]
[SourceVersion "1"]
[SourceVersionDate "2014.03.17"]
[SourceQuality "1"]

1. c4 b6 2. Nc3 Bb7 3. Nf3 e6 4. g3 Bb4 5. Bg2 Bxc3 6. bxc3 Nf6 7. 0-0 0-0 8. Qb3 c5 9. d4 d6 10. a4 Nc6 11. a5 Ba6 12. axb6 axb6 13. Nd2 Na5 14. Rxa5 bxa5 15. Bxa8 Qxa8 16. Qb6 cxd4 17. cxd4 d5 18. Qxa5 Bxc4 19. Qxa8 Rxa8 20. Re1 Ra2 21. h3 Rc2 22. e3 Nd7 23. e4 f5 24. exf5 exf5 25. Nf3 Be2 26. Kg2 Bxf3+ 27. Kxf3 Kf7 28. Be3 Nf8 29. Rc1 Rc4 30. Ke2 h6 31. h4 Ra4 32. Rc5 Ke6 33. Rc6+ Kd7 34. Rc5 Kd6 35. Bf4+ Ke6 36. Be3 Rc4 37. Ra5 f4 38. gxf4 Ng6 39. f5+ Kxf5 40. Rxd5+ Ke6 41. Rh5 Rxd4 42. Rxh6 gxh6 43. Bxd4 Nxh4 44. Be3 h5 45. Kf1 Kf5 46. Kg1 Kg4 47. Ba7 1/2-1/2

[Event "Gibraltar Masters 12th"]
[Site "Caleta"]
[Date "2014.01.31"]
[Round "4"]
[White "Zachariassen, John"]
[Black "Tscharotschkin, Michael"]
[Result "0-1"]
[WhiteElo "1894"]
[BlackElo "2201"]
[PlyCount "54"]
[EventDate "2014.01.28"]
[EventType "swiss"]
[EventRounds "10"]
[EventCountry "GGB"]
[SourceTitle "CBM 159"]
[Source "ChessBase"]
[SourceDate "2014.03.17"]
[SourceVersion "1"]
[SourceVersionDate "2014.03.17"]
[SourceQuality "1"]

1. c4 e5 2. g3 Nc6 3. Bg2 Nf6 4. d3 Bc5 5. Nc3 h6 6. Nf3 d6 7. 0-0 Bg4 8. h3 Be6 9. Bd2 Qd7 10. Kh2 g5 11. a3 a5 12. Nb5 g4 13. Nh4 gxh3 14. Bf3 Rb8 15. Nc3 Nd4 16. Ne4 Nxe4 17. Bxe4 a4 18. Rb1 b5 19. e3 Nb3 20. Bc3 b4 21. axb4 Bxb4 22. Qf3 Ke7 23. Bc6 Bg4 24. Qe4 Qc8 25. d4 Bxc3 26. bxc3 Nd2 27. Rxb8 Nxf1+ 0-1

[Event "Gibraltar Masters 12th"]
[Site "Caleta"]
[Date "2014.01.28"]
[Round "1"]
[White "Tari, Aryan"]
[Black "Zachariassen, John"]
[Result "1-0"]
[WhiteElo "2408"]
[BlackElo "1894"]
[PlyCount "107"]
[EventDate "2014.01.28"]
[EventType "swiss"]
[EventRounds "10"]
[EventCountry "GGB"]
[SourceTitle "CBM 159"]
[Source "ChessBase"]
[SourceDate "2014.03.17"]
[SourceVersion "1"]
[SourceVersionDate "2014.03.17"]
[SourceQuality "1"]

1. d4 g6 2. e4 Bg7 3. Nc3 d6 4. Be3 c6 5. Qd2 Nd7 6. 0-0-0 Qc7 7. h4 h5 8. f3 b5 9. Nce2 Nb6 10. Qa5 Qb7 11. Nc3 a6 12. Nh3 Nf6 13. Nf4 Rb8 14. e5 Nfd5 15. Ncxd5 cxd5 16. exd6 exd6 17. Qe1 0-0 18. Kb1 Re8 19. Qf2 Bf5 20. Bd3 Qd7 21. Rhg1 Bxd3 22. Rxd3 b4 23. Bc1 a5 24. g4 hxg4 25. Rxg4 Qf5 26. Rg5 Qf6 27. Rg1 Qf5 28. h5 g5 29. Ne2 Bh6 30. Qh2 Kh7 31. Qxd6 Nc4 32. Qh2 a4 33. Ng3 Qe6 34. Qf2 f5 35. f4 g4 36. b3 Nd6 37. Re3 Ne4 38. Nxe4 dxe4 39. bxa4 Qd5 40. Rb3 Rec8 41. Rd1 Rc3 42. Qh4 Rc7 43. Qf6 Rg7 44. c4 Qd7 45. Rg1 Qc8 46. d5 Rbb7 47. c5 Rbf7 48. Qd4 Rg8 49. Qxb4 Rc7 50. c6 Bf8 51. Qd4 Bd6 52. Qf6 Bf8 53. Bb2 Bh6 54. d6 1-0

[Event "Nordic-ch Seniors"]
[Site "Bornholm"]
[Date "2013.09.10"]
[Round "4"]
[White "Sorensen, Bent"]
[Black "Zachariassen, John"]
[Result "1-0"]
[WhiteElo "2257"]
[BlackElo "1900"]
[PlyCount "60"]
[EventDate "2013.09.07"]
[EventType "swiss"]
[EventRounds "9"]
[EventCountry "DEN"]
[SourceTitle "CBM 156 Extra"]
[Source "ChessBase"]
[SourceDate "2013.10.22"]
[SourceVersion "1"]
[SourceVersionDate "2013.10.22"]
[SourceQuality "1"]

1. Nf3 d6 2. d4 Nf6 3. g3 c6 4. Bg2 Qc7 5. 0-0 e5 6. c4 Be7 7. Nc3 0-0 8. e4 Nbd7 9. h3 Re8 10. Be3 Bf8 11. Rc1 g6 12. b4 Nh5 13. Kh2 Ng7 14. Nd2 Be7 15. Nb3 Rf8 16. f4 f5 17. d5 fxe4 18. Nxe4 Nf5 19. Bd2 cxd5 20. cxd5 Qb6 21. Qe1 h5 22. g4 hxg4 23. hxg4 Ng7 24. Bh3 Qd8 25. Qg3 exf4 26. Bxf4 Nf6 27. Nxf6+ Bxf6 28. Bxd6 Bh4 29. Rxf8+ Qxf8 30. Bxf8 Kxf8 1-0

[Event "Nordic-ch Seniors"]
[Site "Bornholm"]
[Date "2013.09.09"]
[Round "3"]
[White "Zachariassen, John"]
[Black "Wihlborn, Bengt"]
[Result "1/2-1/2"]
[WhiteElo "1900"]
[BlackElo "1811"]
[PlyCount "54"]
[EventDate "2013.09.07"]
[EventType "swiss"]
[EventRounds "9"]
[EventCountry "DEN"]
[SourceTitle "CBM 156 Extra"]
[Source "ChessBase"]
[SourceDate "2013.10.22"]
[SourceVersion "1"]
[SourceVersionDate "2013.10.22"]
[SourceQuality "1"]

1. c4 Nf6 2. Nf3 g6 3. g3 Bg7 4. Bg2 0-0 5. 0-0 c5 6. Nc3 Nc6 7. d3 d5 8. cxd5 Nxd5 9. Bd2 Nc7 10. Rb1 b6 11. Qc1 Re8 12. Bh6 Bh8 13. h4 Bb7 14. h5 Ne6 15. hxg6 hxg6 16. Ng5 Nxg5 17. Qxg5 Qd7 18. Kh2 Nd4 19. Bh3 e6 20. Rbd1 Rad8 21. Qg4 Qe7 22. Bg5 Bf6 23. Bc1 Kg7 24. Kg1 Rd7 25. Ne4 Bxe4 26. Qxe4 Red8 27. Bg2 Nf5 1/2-1/2